Responses for show #6619 - Thursday, May 30, 2013

Contestants

Katrina Whitehead, a strategic analyst from Sandston, Virginia

Les Chun, a property manager from San Francisco, California

Sam Hopkins, an M.B.A. student originally from Prairie Village, Kansas (whose 1-day cash winnings total $19,201)

Jeopardy! Round responses

SOFA'S CHOICE
IN THE CAPITAL CITY
"PARTY" TIME!
TREES THE CHARM
CHARITABLE ORGANIZATIONS
(Alex: We want you to name the film as...)
JOHNNY GILBERT GOES TO THE MOVIES
    $200 26
futon

Katrina
    $200 3
Cairo

Sam
    $200 6
search party

Katrina
    $200 2
redwood

Sam
    $200 1
Habitat for Humanity

Les
    $200 21
The Graduate

Sam
    $400 27
convertible

Les
    $400 4
Berlin

Sam
    $400 7
bachelor party

Sam
    $400 11
peach

Les
    $400 17
wounded warriors

Sam
    $400 22
(Sam: What is The Great Gatsby?)

Gone with the Wind

SamKatrina
    $600 28
sectional

Sam
    $600 5
Havana

Les
    $600 8
Block Party

Les
    $600 12
oak

Sam
    $600 18
Doctors Without Borders

Les
    $600 23
Casablanca

Les
    $800 29
(Katrina: Davenport, what is Davenport?)

Chesterfield

LesKatrina
    $1,800 13
Warsaw

Sam
    $800 9
war party

Triple Stumper
    $800 15
pine

Katrina
    $800 19
CARE

Les
    $800 24
(Alex: Yeah, and Johnny was not the greatest on that one, was he?)
[Laughter]

The Princess Bride

Les
    $1000 30
confidant

Sam
    $1000 14
London

Katrina
    $1000 10
pity party

Les
    $1000 16
elm

Katrina
    $1000 20
(Sam: What is the Sierra Club?)

Nature Conservancy

Sam
Triple Stumper
    $1000 25
(Les: What is Taxi Driver?)
...
(Alex: And Johnny, thank you so much. Ah, I loved it.)

Goodfellas

SamLes

Scores at the first commercial break (after clue 15):

Sam Les Katrina
$3,600 $2,800 $2,000

Scores at the end of the Jeopardy! Round:

Sam Les Katrina
$5,400 $5,800 $2,800

Double Jeopardy! Round responses

THE COLOMBIA ENCYCLOPEDIA
ALPHABETICALLY FIRST
GIMME A "D"
THE NAPOLEONIC ERA
I SAW THAT BOOK ON TV
COMEDY TEAMS?
    $400 2
Bogotá

Sam
    $400 23
(Sam: What is Aries?)

Aquarius

SamKatrina
    $400 24
delicatessen

Sam
    $400 1
Russia

Sam
    $400 30
Gossip Girl

Les
    $400 7
Monty Python

Sam
    $800 3
coffee

Sam
    $800 22
Erie

Katrina
    $800 28
(Sam: What is a diagonal?)
...
(Alex: It's called a [*]. Sounds like fun.)

Barnes Dance

Sam
Triple Stumper
    $800 16
Belgium

Les
    $800 18
(Les: Who is Christie?)
...
(Alex: You gave me the author's name instead of [*], the character.)

Miss Marple

Les
Triple Stumper
    $800 8
The Three Stooges

Sam
    $1200 4
volcano

Katrina
    $1200 19
Deuteronomy

Les
    $1200 21
decongestant

Sam
    $1200 15
Trafalgar

Sam
    $1200 17
(George) Eliot

Les
    $1200 9
Martin and Lewis

Les
    $1600 5
Gran

Sam
    $5,000 20
(Alex: [*]. Mrs. John Adams and Mrs. Millard Fillmore. Both were named [*].)

Abigail

Les
    $1600 27
domicile

Katrina
    $1600 14
(William) Pitt

Katrina
    $1600 12
Their Eyes Were Watching God

Les
    $1600 10
The Marx Brothers

Sam
    $4,000 6
El Dorado

Sam
    $2000 25
Atlantic Avenue

Sam
    $2000 29
Delft

Katrina
    $2000 26
Battle of Austerlitz

Triple Stumper
    $2000 13
The Forsyte Saga

Les
    $2000 11
Kids in the Hall

Les

Scores at the end of the Double Jeopardy! Round:

Sam Les Katrina
$19,000 $20,400 $10,400

[wagering suggestions for these scores]

Final Jeopardy! Round responses

AMERICAN SCIENTISTS
(Alex: In the '20s he said rockets could leave the Earth and go into space. They ridiculed him. Boo, hiss, bad people.)
KatrinaWho is Scopes?
$10,100
SamWho is Kennedy?
$6,600
LesWho is Oppenheimer?
$17,601
Robert Goddard

Final scores:

Sam Les Katrina
$12,400 $2,799 $300
2-day champion: $31,601 2nd place: $2,000 3rd place: $1,000

Game dynamics:

Coryat scores:

Sam Les Katrina
$16,000 $17,000 $10,400
23 R
(including 2 DDs),
4 W
20 R
(including 1 DD),
2 W
12 R,
1 W

Combined Coryat: $43,400

The J! Archive is created by fans, for fans. The Jeopardy! game show and all elements thereof, including but not limited to copyright and trademark thereto, are the property of Jeopardy Productions, Inc. and are protected under law. This website is not affiliated with, sponsored by, or operated by Jeopardy Productions, Inc. Join the discussion at JBoard.tv.